000 01286nam a22003497a 4500
003 CHAP
005 20220329134607.0
008 971013s1983 r 00010 d
010 _a22734
011 _a23706
035 _a27803
040 _cCHAP
090 _aTesis
100 0 0 _aAvila Alvarez, Jorge.
_98761
245 _aAnálisis de producción y costos de las operaciones de abastecimiento en la Unidad de Administración forestal No. 2 Vlle de bravo, Estado de México
260 _aChapingo, Méx. :
_bEl autor,
_c1983
300 _a75 h.
_b: ilus. ; mapa
502 _aTesis (Ing. Agr. Esp. en Bosques) -- UACH. Departamento de Bosques
590 _aALEPH
_b10
_c20130110
_lUCH01
_h1247
590 _aBATCH-UPD
_b10
_c20130110
_lUCH01
_h1728
590 _aBATCH-UPD
_b10
_c20130410
_lUCH01
_h1110
590 _aBATCH-UPD
_b10
_c20130914
_lUCH01
_h0457
590 _aCONVERSION
_b10
_c20130109
_lUCH01
_h1313
650 1 4 _aBosques
_xAspectos económicos
_xMéxico (Edo.)
_914077
650 1 4 _aBosques
_xExtracción
_xMéxico.
_914186
650 1 4 _aProductos forestales
_xTransporte.
_992109
901 _aBK
942 _cFOLL
949 _bBC
_cTES
_d-64330
_eTS1
_i27803
_si
949 _bBC
_cTES
_d-64332
_eTS2
_fc.2
_i27803
_si
949 _bBC
_cTES
_d-64333
_eTS2
_fc.3
_h21785
_i27803
_si
999 _c22734
_d22734